MARC

LEADER 00000nam0a2200000 4500
001 262617
005 20231101233653.0
035 |a (RuTPU)RU\TPU\book\285600 
090 |a 262617 
100 |a 20140603d1987 k y0rusy50 ca 
101 0 |a rus 
102 |a RU 
105 |a a z 001zy 
200 1 |a Принципы обеспечения отказоустойчивости многопроцессорных вычислительных систем  |e сборник трудов  |f Академия наук СССР (АН СССР), Институт проблем управления им. В. А. Трапезникова (ИПУ) ; отв. ред. П. П. Пархоменко , В. А. Ведешенков 
210 |a Москва  |c Институт проблем управления  |d 1987 
215 |a 81 с.  |c ил. 
320 |a Библиография в конце статей 
606 1 |a Вычислительные системы многопроцессорные  |x Надежность  |2 stltpush  |3 (RuTPU)RU\TPU\subj\4360  |9 32642 
610 1 |a многопроцессорные системы 
610 1 |a отказоустойчивость 
610 1 |a многопроцессорные вычислительные сети 
610 1 |a диагностическое обеспечение 
610 1 |a организация 
610 1 |a надежность 
675 |a 681.324-192  |v 3 
702 1 |a Пархоменко  |b П. П.  |4 340 
702 1 |a Ведешенков  |b В. А.  |4 340 
712 0 2 |a Академия наук СССР (АН СССР)  |b Институт проблем управления им. В. А. Трапезникова (ИПУ)  |c (Москва)  |2 stltpush  |3 (RuTPU)RU\TPU\col\6782 
801 1 |a RU  |b 63413507  |c 20140603 
801 2 |a RU  |b 63413507  |c 20150608  |g RCR 
942 |c BK